| 000 | 02418nam a22003497a 4500 | ||
|---|---|---|---|
| 001 | 103644 | ||
| 003 | KnowledgeUnlatched | ||
| 005 | 20210303105122.0 | ||
| 006 | m o d | ||
| 007 | cr u|||||||||| | ||
| 008 | 210129p20182019gw o u00| u ger d | ||
| 037 | _5BiblioBoard | ||
| 245 | 0 | 0 |
_aErinnerungen an den Krieg - Krieg der Erinnerungen _bLitauen und der Zweite Weltkrieg / _cEkaterina Makhotina. |
| 020 | _a9783666300905 | ||
| 029 | 1 | _ahttps://library.biblioboard.com/ext/api/media/4314f969-85e0-4ee0-8789-2d703239f621/assets/thumbnail.jpg | |
| 040 |
_aScCtBLL _cScCtBLL |
||
| 100 | 1 |
_aMakhotina, Ekaterina _eauthor. |
|
| 264 | 1 | _bVandenhoeck & Ruprecht, | |
| 300 | _a1 online resource (479 p.) | ||
| 506 | 0 |
_aAccess copy available to the general public. _fUnrestricted _2star |
|
| 520 | _aDieses Buch schreibt die Geschichte der litauischen Erinnerungskultur auf eine neue und unkonventionelle Art und Weise. Durch den Fokus auf die Geschichte der Gedenkstätten und Denkmale des Zweiten Weltkrieges werden vielfältige Akteure, Erinnerungspraktiken und historische Diskurse umfassend ausgeleuchtet. Hatten die ersten Kriegsdenkmale und Museen die Funktion, auf die Präsenz der Sowjetmacht hinzuweisen, wurde in den 1960er Jahren das Motiv des litauischen Heldenmutes und Widerstandes zentral. Diese Nationalisierung des Widerstandes ging auf Kosten der jüdischen Untergrundkämpfer; und auch für jüdische Opfer der Massenvernichtung während der deutschen Besatzung war in der sowjetischen Erinnerungspolitik kaum Platz. Nach dem politischen Umbruch und der Wiedererlangung der Staatssouveränität im Jahr 1990 bekam die »erlebte« Geschichte - und vor allem die Erfahrung der Opfer des stalinistischen Terrors - einen zentralen Platz in der öffentlichen Geschichtspräsentation. Fast alle Erinn | ||
| 588 | 0 | _aDescription based on print version record. | |
| 590 | _aKU Open Services | ||
| 650 | 7 |
_aHistory _2bisacsh |
|
| 650 | 0 | _aHistory | |
| 655 | 0 | _aElectronic books. | |
| 758 |
_iIs found in: _aKnowledge Unlatched _1https://openresearchlibrary.org/module/2774bc74-146a-484f-a7ba-ab1d6a09bbfb |
||
| 856 | 4 | 0 |
_uhttps://openresearchlibrary.org/content/4314f969-85e0-4ee0-8789-2d703239f621 _zView this content on Open Research Library. _70 |
| 999 |
_c33653 _d33653 |
||